| 000 -LEADER |
| fixed length control field |
00674cam a2200229 a 4500 |
| 001 - CONTROL NUMBER |
| control field |
16130867 |
| 005 - DATE AND TIME OF LATEST TRANSACTION |
| control field |
20180209041308.0 |
| 008 - FIXED-LENGTH DATA ELEMENTS--GENERAL INFORMATION |
| fixed length control field |
100311s2010 njua 001 0 eng |
| 010 ## - LIBRARY OF CONGRESS CONTROL NUMBER |
| LC control number |
2010010505 |
| 020 ## - INTERNATIONAL STANDARD BOOK NUMBER |
| International Standard Book Number |
9781422477380 (hbk.) |
| 040 ## - CATALOGING SOURCE |
| Original cataloging agency |
DLC |
| Transcribing agency |
DLC |
| 041 ## - LANGUAGE CODE |
| Language code of text/sound track or separate title |
eng |
| 043 ## - GEOGRAPHIC AREA CODE |
| Geographic area code |
n-us--- |
| 080 ## - UNIVERSAL DECIMAL CLASSIFICATION NUMBER |
| Universal Decimal Classification number |
346.7304 |
| 082 00 - DEWEY DECIMAL CLASSIFICATION NUMBER |
| Classification number |
346.7304 JOY |
| Edition number |
22 |
| 100 ## - Rafti |
| Rafti |
14 |
| 101 ## - Shkurtesa |
| Shkurtesa |
SHJ |
| 245 00 - TITLE STATEMENT |
| Title |
Copyright law / |
| Statement of responsibility, etc |
Craig Joyce ... [et al.]. |
| 906 ## - LOCAL DATA ELEMENT F, LDF (RLIN) |
| a |
7 |
| b |
cbc |
| c |
orignew |
| d |
1 |
| e |
ecip |
| f |
20 |
| g |
y-gencatlg |
| 942 ## - ADDED ENTRY ELEMENTS (KOHA) |
| Source of classification or shelving scheme |
|
| Item type |
Books |